Southville International School and Colleges
Your cart is empty.
  • Cart
  • Lists
    Public lists Eva Luna New books Lux_list list_1
    Your lists Log in to create your own lists
  • Log in to your account
  • Your cookies
  • Search history
Southville International School and Colleges
  • Advanced search
  • Recent comments
  • Most popular
  • Libraries

Log in to your account

Log in with GOOGLE


If you do not have an external account, but do have a local account, you can still log in:

  1. Home
  2. MARC view: Bates' nursing guide to physical examination and history taking
Normal view MARC view ISBD view

Bates' nursing guide to physical examination and history taking (Record no. 367186)

[ view plain ]
MARC details
000 -LEADER
fixed length control field 00847nam a22002417a 4500
003 - CONTROL NUMBER IDENTIFIER
control field 0
005 - DATE AND TIME OF LATEST TRANSACTION
control field 20250212111549.0
008 - FIXED-LENGTH DATA ELEMENTS--GENERAL INFORMATION
fixed length control field 250212b xxu||||| |||| 00| 0 eng d
020 ## - INTERNATIONAL STANDARD BOOK NUMBER
International Standard Book Number 978-1-9751-9766-7
050 ## - LIBRARY OF CONGRESS CALL NUMBER
Classification number RT 48.6
Item number .Qu85 2022
100 ## - MAIN ENTRY--PERSONAL NAME
Personal name Quigley, Beth Hogan
245 ## - TITLE STATEMENT
Title Bates' nursing guide to physical examination and history taking
Statement of responsibility, etc Beth Hogan-Quigley and Mary Louise Palm
250 ## - EDITION STATEMENT
Edition statement Third edition
260 ## - PUBLICATION, DISTRIBUTION, ETC. (IMPRINT)
Place of publication, distribution, etc Philadelphia
Name of publisher, distributor, etc Wolters Kluwer Health
Date of publication, distribution, etc 2022
300 ## - PHYSICAL DESCRIPTION
Extent xvii, 1050 pages :
Other physical details illustrations and pictures ;
Dimensions 26cm.
504 ## - BIBLIOGRAPHY, ETC. NOTE
Bibliography, etc Includes bibliographical references and index.
650 ## - SUBJECT ADDED ENTRY--TOPICAL TERM
Topical term or geographic name as entry element Nursing assessment.
650 ## - SUBJECT ADDED ENTRY--TOPICAL TERM
Topical term or geographic name as entry element Physical examination.
650 ## - SUBJECT ADDED ENTRY--TOPICAL TERM
Topical term or geographic name as entry element Medical history taking.
650 ## - SUBJECT ADDED ENTRY--TOPICAL TERM
Topical term or geographic name as entry element Medical--Nursing--Assessment and Diagnosis.
700 ## - ADDED ENTRY--PERSONAL NAME
Personal name Palm, Mary Louise
942 ## - ADDED ENTRY ELEMENTS (KOHA)
Source of classification or shelving scheme Library of Congress Classification
Koha item type Books
Holdings
Withdrawn status Lost status Source of classification or shelving scheme Damaged status Home library Current library Shelving location Date acquired Source of acquisition Sub Shelving location Total Checkouts Full call number Barcode Date last seen Price effective from Koha item type
    Library of Congress Classification   College Library College Library Reserve Section 02/12/2025 Library Fund     RT 48.6 .Qu85 2022 C24218 02/12/2025 02/12/2025 Books

Bates' nursing guide to physical examination and history taking

APA

Quigley B. H., Palm, . (2022). Bates' nursing guide to physical examination and history taking. Philadelphia: Wolters Kluwer Health.

Chicago

Quigley Beth Hogan, Palm, . 2022. Bates' nursing guide to physical examination and history taking. Philadelphia: Wolters Kluwer Health.

Harvard

Quigley B. H., Palm, . (2022). Bates' nursing guide to physical examination and history taking. Philadelphia: Wolters Kluwer Health.

MLA

Quigley Beth Hogan, Palm, . Bates' nursing guide to physical examination and history taking. Philadelphia: Wolters Kluwer Health. 2022.

  • Place hold
  • Print
  • Cite
  • Add to your cart (remove)
  • Save record
    BIBTEX Dublin Core MARCXML MARC (non-Unicode/MARC-8) MARC (Unicode/UTF-8) MARC (Unicode/UTF-8, Standard) MODS (XML) RIS
  • More searches
    Search for this title in:
    Other Libraries (WorldCat) Other Databases (Google Scholar) Online Stores (Bookfinder.com) Open Library (openlibrary.org)

Exporting to Dublin Core...

SOUTHVILLE LIBRARY

Southville International School and Colleges Library

1281 Tropical Ave. Cor. Luxembourg St., BF Homes International, Las Pinas City

Tel. No. 8256374 / 252358 Loc. 117/146

Powered by Koha